000 00704cab a2200217 4500
001 X3627
008 090401t1996 xxu||||| |||| 00| 0 eng d
035 _a(Sirsi) u31628
041 _aeng
245 _aLinks with China
260 _c1996
350 _a0
490 _aCSM (Chartered Surveyor Monthly)
_v5(9) June 1996, 9(1)
520 _aA project between the University of Greenwich and the State Land Adminstration Bureau of China involved training 19 SLA staff in land pricing.
650 _aCHINA
650 _aSTATE LAND ADMINISTRATION BUREAU
650 _aUNIVERSITY OF GREENWICH
690 _aMANAGEMENT-BUSINESS MANAGEMENT-PROFESSIONAL PRACTICE
942 _n0
948 _c04/03/1997
999 _c21230
_d21230